| 000 | 00962cad a22002055a 4500 | ||
|---|---|---|---|
| 001 | E147124 | ||
| 008 | 090406e20090406xxk s000 0 eng d | ||
| 035 | _a(Sirsi) u147124 | ||
| 041 | 0 | _aeng | |
| 110 | 2 |
_aScotland _bScottish Government _95344 |
|
| 245 | 0 | 0 |
_aHelp for businesses _h[electronic resource] |
| 260 | _c2009 | ||
| 490 |
_aScottish Government News Release _v6 April 2009 |
||
| 520 | _aThe Scottish Government has announced that businesses will have the option of deferring up to 60% of the annual increase in their 2009-10 business rates until 2010-11 and 2011-12, in order to help their cash flow. Business rates are set to increase by 5% from 1 April 2009. | ||
| 590 | _aKA | ||
| 651 | 4 |
_aScotland _y1999- |
|
| 690 | _aPROPERTY-COMMERCIAL PROPERTY-COMMERCIAL PROPERTY TAXATION-BUSINESS RATES | ||
| 856 | 4 | 0 |
_uhttps://www.scotland.gov.uk/News/Releases/2009/04/06092112 _zView the news release free of charge at www.scotland.gov.uk... |
| 942 | _n0 | ||
| 999 |
_c81394 _d81394 |
||